ბათუმის შოთა რუსთაველის სახელმწიფო უნივერსიტეტის ბიბლიოთეკა

რუსთაველი. პეტრიწი. პრელუდიები : (ბიბ.ჩანაწერი № 37853)

000 -ლიდერი
ფიქსირებული სიგრძის საკონტროლო ველი 01132nam a2200241Ia 4500
001 - საკონტროლო ნომერი
საკონტროლო ველი 3831
003 - საკონტროლო ნომრის იდენტიფიკატორი
საკონტროლო ველი GE_BSU
005 - ბოლო ოპერაციის თარიღი და დრო
საკონტროლო ველი 20190815170225.0
008 - ფიქსირებული სიგრძის მონაცემთა ელემენტები - ზოგადი ინფორმაცია
ფიქსირებული სიგრძის საკონტროლო ველი 181216s1961||||ge |||||||||||||| ||geo||
040 ## - კატალოგიზაციის წყარო
Transcribing agency GE_BSU
041 ## - ენის კოდი
Language code of text/sound track or separate title geo
080 ## - უნივერსალური ათობითი კლასიფიკაციის ინდექსი
Universal Decimal Classification number 821.353.1(092)+1(479.22)(092) გ–59
100 ## - მთავარი ჩანაწერი - პიროვნების სახელი
Personal name გოგიბერიძე, მოსე
9 (RLIN) 3633
245 ## - ცნობა სათაურის შესახებ
Title რუსთაველი. პეტრიწი. პრელუდიები :
Remainder of title კრებული /
Statement of responsibility, etc შეადგ. და დასაბეჭდად მოამზადა ი. მეგრელიძემ.
264 ## - წარმოების, გამოცემის, დისტრიბუციის და სხვა ცნობები
გამოცემის, წარმოების, დისტრიბუციის... ადგილი თბ. :
გამოცემის, წარმოების, დისტრიბუციის... სახელწოდება საბჭ. მწერალი,
გამოცემის, წარმოების, დისტრიბუციის... თარიღი 1961.
300 ## - ფიზიკური აღწერა
Extent 320 გვ. :
Other physical details პორტრ. ;
Dimensions 20 სმ.
504 ## - BIBLIOGRAPHY, ETC. NOTE
Bibliography, etc ბიბლიოგრ. შენიშვნებში.
600 ## - SUBJECT ADDED ENTRY--PERSONAL NAME
Personal name რუსთაველი შოთა
9 (RLIN) 3634
600 ## - SUBJECT ADDED ENTRY--PERSONAL NAME
Personal name იოანე პეტრიწი
9 (RLIN) 3635
653 ## - INDEX TERM--UNCONTROLLED
Uncontrolled term რუსთაველი შოთა; იოანე პეტრიწი
700 ## - ADDED ENTRY--PERSONAL NAME
Personal name მეგრელიძე, ი.
Relator term შემდგენელი
9 (RLIN) 1203
942 ## - ADDED ENTRY ELEMENTS (KOHA)
Koha item type წიგნი
Source of classification or shelving scheme
ეგზემპლარები
ჩამოწერის სტატუსი დაკარგული ეგზემპლარის სტატუსი კლასიფიკაციის წყარო ან თაროზე გაწყობის სქემა დაზიანების სტატუსი არ გაიცემა მუდმივი მდებარეობა (დაცვის ადგილი) ამჟამინდელი ადგილსამყოფელი თაროზე განთავსების ადგილი შეძენის თარიღი ღირებულება, შესყიდვის ნორმალური ფასი სრული შენახვის შიფრი შტრიხკოდი ბოლო ოპერაციის თარიღი ეგზემპლარის მიმდევრობითი ნომერი (კეტერი?) ფასის ძალაში შესვლის თარიღი ეგზემპლარის სახეობა საჯარო შენიშვნა
          ბათუმის შოთა რუსთაველის სახელმწიფო უნივერსიტეტის მთავარი ბიბლიოთეკა ბათუმის შოთა რუსთაველის სახელმწიფო უნივერსიტეტის მთავარი ბიბლიოთეკა წიგნსაცავი 2018-12-17 4.00 821.353.1(092)+1(479.22)(092) გ–59 5435 2018-12-17 5435 2018-12-17 წიგნი 4 ლ.
          ბათუმის შოთა რუსთაველის სახელმწიფო უნივერსიტეტის მთავარი ბიბლიოთეკა ბათუმის შოთა რუსთაველის სახელმწიფო უნივერსიტეტის მთავარი ბიბლიოთეკა წიგნსაცავი 2018-12-17 4.00 821.353.1(092)+1(479.22)(092) გ–59 5436 2018-12-17 5436 2018-12-17 წიგნი 4 ლ.